Outplacement – posledná šanca alebo benefit

Outplacement ako problematika využívajúca sa v oblasti personálneho manažmentu. Teoretické a praktické aspekty pojmu outplacement, podoby, programy a služby outplacementu. Pomoc ľuďom, ktorí sa ocitli v nepriaznivej situácii po strate zamestnania, alebo ktorí sa v nej onedlho ocitnú.

Uložené v:
Podrobná bibliografia
Hlavný autor: Herzka, Pavel
Ďalší autori: Zatrochová, Monika
Médium: Kapitola
Jazyk:Slovak
Predmet:
Tagy: Pridať tag
Žiadne tagy, Buďte prvý, kto otaguje tento záznam!

MARC

LEADER 00000nla a2200000 4500
001 0205605
005 20240417075059.2
041 0 |a slo 
044 |a SK 
245 1 0 |a Outplacement – posledná šanca alebo benefit  |c Pavel Herzka, Monika Zatrochová 
520 |a Outplacement ako problematika využívajúca sa v oblasti personálneho manažmentu. Teoretické a praktické aspekty pojmu outplacement, podoby, programy a služby outplacementu. Pomoc ľuďom, ktorí sa ocitli v nepriaznivej situácii po strate zamestnania, alebo ktorí sa v nej onedlho ocitnú. 
610 2 0 |a manažment personálny 
610 2 0 |a outplacement 
610 2 0 |a poradenstvo personálne 
610 2 0 |a služby zamestnanosti 
610 2 0 |a preradenie pracovníkov 
610 2 0 |a trh práce 
100 1 |a Herzka, Pavel 
700 1 |a Zatrochová, Monika